000 00936nam a2200289 i 4500
003 EG-GICUC
005 20260221090449.0
008 260221s1975 fr ||||fr|||| 00| 0 fre d
040 _aEG-GiCUC
_bfre
_cEG-GiCUC
_dEG-GiCUC
_erda
082 0 4 _221
_a341.48
_bSH . R
092 0 4 _221
099 _aLaw1 11 341.48 SH . R 1975
100 1 _aShahak, Israel
_eAuteur
245 1 3 _aLe Racisme De L'état D'israël :
_bLigue Israélienne Des Droits De L'homme Et Du Citoyen /
_cIsrael Shahak.
264 1 _aParis :
_bGuy Authier Éditeur,
_c1975.
300 _a283pages :
_billustrations,
_c24 cm
336 _2rda content
_atext
337 _2rda media
_aComputer
338 _2rda carrier
_aOnline Resource
504 _a
546 _aTexte en français
650 1 4 _aDroit international public
_2
651 1 _2
856 4 0 _uhttps://fll.law.cu.edu.eg/fulltext/bks/B11-05866.pdf
905 _a50
942 _2ddc
_cBK
_e21
_n0
999 _c63933
_d63933